Κατάλογος Βιβλιοθηκών Mediterranean College

Αγροτική Οικονομική / Θεωρία και Πολιτική (Record no. 5095)

MARC details
000 -LEADER
fixed length control field 02155cam a22002534a 4500
005 - ΗΜΕΡΟΜΗΝΙΑ ΚΑΙ ΩΡΑ ΤΕΛΕΥΤΑΙΑΣ ΕΝΗΜΕΡΩΣΗΣ
Πεδίο ελέγχου 20250605164204.0
008 - FIXED-LENGTH DATA ELEMENTS--GENERAL INFORMATION
Πεδίο ελέγχου σταθερού μήκους 250528s ||||||||||||||||||||||||d
035 ## - SYSTEM CONTROL NUMBER
System control number 19849
020 ## - ISBN
ISBN 9603590061
040 ## - ΠΗΓΗ ΚΑΤΑΛΟΓΟΓΡΑΦΗΣΗΣ
Φορέας πρωτότυπης καταλογογράφησης MC Athens Campus Library
Γλώσσα καταλογογράφησης Ελληνικά, Μοντέρνα (1453-)
Modifying agency MC Athens Campus Library
Κανόνες περιγραφικής καταλογογράφησης AACR2
245 1# - ΤΙΤΛΟΣ ΚΑΙ ΔΗΛΩΣΗ ΥΠΕΥΘΥΝΟΤΗΤΑΣ
Τίτλος Αγροτική Οικονομική / Θεωρία και Πολιτική
250 ## - EDITION STATEMENT
Edition statement
260 ## - PUBLICATION, DISTRIBUTION, ETC.
Name of publisher, distributor, etc. Μπένου,
Date of publication, distribution, etc. 1996
300 ## - PHYSICAL DESCRIPTION
Extent 652
520 ## - SUMMARY, ETC.
Summary, etc. Πρόλογος, Ζήτηση και Προσφορά και Τιμές, Θεωρία της Ζήτησης, Ειδικά Θέματα Ζήτησης Αγροτικών ΠροΪόντων, Το Οικονομικό Σύστημα Παραγωγής, Θεωρία Παραγωγής και Κόστους, Προσφορά Αγροτικών Προϊόντων και Ζήτηση Εισροών, Διάρθρώσεις Αγορών, Προσφορά Εργασίας και Απασχόληση και Πολυαπασχόληση των Αγροτών, Θεωρεία Εγγείου Προσόδου και η Τιμή της Γεωργικής Γης, Η Αγροτική Πολιτική και η Οικονομική της Ευημερίας, Εναλλακτικές Πολιτικές Παρέμβασης, Κοινή Αγροτική Πολιτική, Διεθνείς Οικονομικές Σχέσεις και Οικονομική Ανάπτυξη, Θεωρία και Πολιτική Διεθνούς Εμπορίου, Διεθνείς Εμπορικές Σχέσεις και Οικονομική Ολοκλήρωση, Αγροτικός Τομέας και Οικονομική Ανάπτυξη, Ελληνική Γεωργία, Ελληνική Γεωργία και Εξέλιξη και Χαρακτηριστικά και Προβλήματα και Θεσμοί, Βιβλιογραφία.
700 1# - ΠΡΟΣΘΕΤΗ ΑΝΑΓΡΑΦΗ--ΦΥΣΙΚΟ ΠΡΟΣΩΠΟ
Personal name Δαμιανός Δημήτριος
9 (RLIN) 6012
700 1# - ΠΡΟΣΘΕΤΗ ΑΝΑΓΡΑΦΗ--ΦΥΣΙΚΟ ΠΡΟΣΩΠΟ
Personal name Κατρανίδης Στυλιανός
9 (RLIN) 6013
700 1# - ΠΡΟΣΘΕΤΗ ΑΝΑΓΡΑΦΗ--ΦΥΣΙΚΟ ΠΡΟΣΩΠΟ
Personal name Λιανός Θ
9 (RLIN) 1640
700 1# - ΠΡΟΣΘΕΤΗ ΑΝΑΓΡΑΦΗ--ΦΥΣΙΚΟ ΠΡΟΣΩΠΟ
Personal name Μεντής Γρήγορης Σπ
700 1# - ΠΡΟΣΘΕΤΗ ΑΝΑΓΡΑΦΗ--ΦΥΣΙΚΟ ΠΡΟΣΩΠΟ
Personal name Ντεμούση Μιχαήλ
9 (RLIN) 6014
942 ## - ADDED ENTRY ELEMENTS (KOHA)
Koha item type Books
Holdings
Τύπος τεκμηρίου Βιβλιοθήκη Τρέχουσα τοποθεσία Barcode Αριθμός εισαγωγής Ημερομηνία απόκτησης Ταξιθετικό σύμβολο Αριθμός αντιτύπου Κατάσταση απόσυρσης Κατάσταση χαμένου Κατάσταση κατεστραμμένου Μη δανεισμός Σύνολο δανεισμών Ημερομηνία τελευταίας εμφάνισης Η τιμή ισχύει από
Books MC Athens Campus Library MC Athens Campus Library 9780000050946 5953 05/06/2025 338.18 LIA 1           05/06/2025 05/06/2025

MC Athens Campus Library
Πατησίων 94 & Κοδριγκτώνος 13, 104 34
Πελλήνης 8 & Πατησίων 107, 112 51
Τ: +30 210 8899600

MC Thessaloniki Campus Library
Ίωνος Δραγούμη 21, 54625 | Ίωνος Δραγούμη 15, 54625
Τ: +30 2310 287779 – Τ: +30 2314 440300